Haz clic en la provincia sin litoral (sin fronteras) - ¡Muerte súbita! - Estadísticas

Estadísticas generales
  • Esta prueba ha sido intentada 784 veces
  • La puntuación promedio es 10 de 28
Respuestas en el mapa
Las respuestas están codificadas por una escala verde-roja en el mapa de la prueba según el % correcto abajo.
 
Estadísticas de respuestas
Respuesta % Correcto
Sevilla
42%
Zamora
42%
Ourense
41%
Cáceres
40%
Badajoz
39%
Huesca
39%
León
39%
Lleida
39%
Salamanca
38%
Madrid
37%
Córdoba
36%
Teruel
35%
Ávila
34%
Navarra
34%
Zaragoza
34%
Cuenca
33%
Ciudad Real
32%
Jaén
32%
Toledo
32%
Albacete
31%
Burgos
31%
Guadalajara
31%
Palencia
28%
Segovia
28%
Valladolid
28%
Araba / Álava
27%
La Rioja
27%
Soria
27%
No se encontraron pruebas coincidentes
Distribución de puntuación
Porcentaje de gente con cada puntuación
Porcentaje por número respondido
Historial de tus puntuaciones
No has intentado esta prueba.